|
|
|
|
| LEADER |
00000nas a2200000 a 4500 |
| 001 |
ssj0001668 |
| 003 |
WaSeSS |
| 005 |
20200512172242.0 |
| 006 |
m d |
| 007 |
cr n |
| 008 |
790209c19549999nyufr p s 0 a0eng c |
| 010 |
|
|
|a 39024693
|
| 016 |
7 |
|
|a 000267478
|2 IsJJNL
|
| 022 |
|
|
|l 0025-3499
|y 0025-3499
|
| 035 |
|
|
|a (WaSeSS)ssj0001668
|
| 040 |
|
|
|a IXA
|b eng
|c IXA
|d IXA
|d IUL
|d OCL
|d AIP
|d DLC
|d NSD
|d NST
|d NSD
|d NST
|d DLC
|d IUL
|d NST
|d HUL
|d NST
|d NSD
|d DLC
|d SYS
|d OCLCQ
|d CDS
|d OCLCG
|d GPM
|d OCLCQ
|d CUS
|d J9U
|d EUM
|d EYM
|d COD
|d OCLCF
|d TYC
|d OCLCQ
|d IOG
|d OCLCA
|d U3G
|d WaSeSS
|
| 042 |
|
|
|a pcc
|a nsdp
|
| 050 |
0 |
0 |
|a PS1329
|b .M3
|
| 082 |
0 |
4 |
|a 817.44
|
| 210 |
0 |
|
|a Mark Twain j.
|b (1954)
|
| 222 |
|
0 |
|a Mark Twain journal
|b (1954)
|
| 245 |
0 |
0 |
|a Mark Twain journal
|h [electronic resource].
|
| 260 |
|
|
|a Kirkwood, Mo. :
|b [publisher not identified],
|c 1954-
|
| 260 |
3 |
|
|3 <2011-> :
|a Elmira, NY :
|b Center for Mark Twain Studies
|
| 310 |
|
|
|a Semiannual,
|b <fall 1986->
|
| 321 |
|
|
|a Four issues per v.,
|b 1954-1983
|
| 321 |
|
|
|a 2 issues yearly,
|b 1983-
|
| 362 |
0 |
|
|a Vol. 9, no. 4 (summer 1954)-
|
| 500 |
|
|
|a Title from cover.
|
| 500 |
|
|
|a Volumes for 1983- published: Charleston, S.C.
|
| 506 |
|
|
|a License restrictions may limit access.
|
| 515 |
|
|
|a Some nos. combined; issues for 2008- published annually as nos. 1 and 2 (spring/fall).
|
| 550 |
|
|
|a Affiliated with: Center for Mark Twain Studies, 2012- ; Mark Twain Circle of America, <2012->
|
| 588 |
|
|
|a Latest issue consulted: Vol. 49, no. 1/2 (spring/fall 2011).
|
| 600 |
1 |
0 |
|a Twain, Mark,
|d 1835-1910
|v Periodicals.
|
| 600 |
1 |
7 |
|a Twain, Mark,
|d 1835-1910.
|2 fast
|0 (OCoLC)fst00031622
|
| 600 |
1 |
4 |
|a Twain, Mark,
|d 1835-1910
|x Periodicals.
|
| 655 |
|
0 |
|a Electronic journals.
|
| 710 |
2 |
|
|a Center for Mark Twain Studies.
|
| 710 |
2 |
|
|a Mark Twain Circle.
|
| 770 |
0 |
|
|t Mark Twain circular
|x 1042-5357
|w (DLC) 89647302
|w (OCoLC)15555021
|
| 780 |
0 |
0 |
|t Mark Twain quarterly
|x 1080-7330
|w (DLC) 95650549
|w (OCoLC)2279953
|
| 850 |
|
|
|a DLC
|a DeU
|a InU
|a MH
|a MnU
|a MoU
|a NCH
|a NcD
|a NcRS
|a NjR
|a ViU
|a VtU
|
| 853 |
0 |
3 |
|8 1
|a v.
|b no.
|i (year)
|j (season)
|
| 853 |
2 |
0 |
|8 2
|a v.
|b no.
|u 2
|v r
|i (year)
|j (season)
|w f
|x 21
|y ps21,23
|
| 856 |
4 |
0 |
|z Full text available from Research Library: 04/01/2004 to 2 years ago
|u https://search.proquest.com/publication/307103
|
| 863 |
4 |
1 |
|8 1
|a <9>
|b <4>
|i <1954>
|j <summer>
|w a
|
| 863 |
4 |
1 |
|8 2.1
|a <40>
|b <1>
|i <2002>
|j <21>
|